| 000 | 00000nam##2200000za#4500 |
| 001 | 9.577976 |
| 003 | CaOODSP |
| 005 | 20230131161133 |
| 007 | cr ||||||||||| |
| 008 | 150406|2014||||xxc|||||o f|0| 0 eng|d |
| 020 | |a978-1-100-22878-5 |
| 022 | |a1701-4387 |
| 040 | |aCaOODSP|beng |
| 043 | |an-cn--- |
| 086 | 1 |aM44-2014/2E-PDF |
| 110 | 2 |aGeological Survey of Canada. |
| 245 | 13|aAn integrated approach to search for buried porphyry-style mineralization in central British Columbia using geochemistry and mineralogy : |h[electronic resource]|ba TGI-4 project / |c[by] T. Ferbey, A. Plouffe, and R.G. Anderson. |
| 260 | |aOttawa - Ontario : |bNatural Resources Canada. |c2014. |
| 300 | |a15p.|bcoloured figs., references |
| 490 | 1 |aCurrent research - Geological Survey of Canada|x1701-4387|v2014-2 |
| 546 | |a(Résumé en français.) |
| 590 | |a15-07|b2015-02-13 |
| 830 | #0|aCurrent research (Geological Survey of Canada)|x1701-4387|v2014-2|w(CaOODSP)9.506236 |
| 856 | 40|ahttp://publications.gc.ca|qPDF|s4.19 MB|uhttps://publications.gc.ca/collections/collection_2015/rncan-nrcan/M44-2014-2-eng.pdf|y2014-2 |